Word Ladders: 1-10 Quiz Stats

 Plays Quiz Updated Oct 10, 2012

Challenge
Share
Tweet
Embed
Score 0/100 Timer 12:00
0 Plays Today
% Correct
FOUR
89.4%
DON’T
82.8%
FIVE
81.6%
SAKE
80.4%
FONT
79.8%
FREE
77.9%
TRES
77.8%
FORT
77.2%
CORE
77.1%
TOUR
77%
RAKE
76.6%
FORE
76.6%
CORN
76.2%
HUTT
76.2%
NOON
76%
IDES
75.6%
DAWN
75.4%
TREE
75%
NOUN
74.2%
KEPT
74.1%
KENT
73.3%
DIET
73.3%
FRET
72.8%
LIVE
72.6%
DIRT
72.2%
FEET
71.6%
CONE
71.5%
NONE
71.1%
LINE
71.1%
COON
70.9%
MITT
70%
DART
69.4%
DEUX
69.4%
DARN
69.2%
% Correct
ORES
68.9%
HUTS
68.8%
HAWN
68.1%
OCHO
67.6%
SAKS
67.2%
IRES
66.8%
SEIS
66.8%
ODES
66.6%
SEPT
65.6%
RATE
64.9%
OUTS
64.8%
FINE
64.8%
ERRS
63.6%
ACHE
63.2%
ROTS
63.1%
PITT
62.2%
FEES
60.2%
ORRS
60%
EINS
59.4%
LUNE
59%
DENS
59%
PINT
58.9%
PENT
58.3%
CINE
57.9%
ROTE
57.9%
DIEZ
57.6%
DEUS
56.7%
CINQ
56.7%
MITE
56.6%
OCTS
56.3%
OCTO
55%
HUIT
54.6%
NEUN
53.1%
BRED
52.6%
% Correct
OCHE
52.6%
NEUF
50.9%
DREI
50.6%
SEKS
50.4%
FENS
50.2%
ERNS
49.4%
DRED
47.9%
BRAY
47.8%
TREI
47.1%
BRAD
43.5%
ACHT
40.6%
TORT
38.5%
METE
37.7%
ODEN
37%
FÜNF
36.9%
TORR
36.6%
DÖRT
35.8%
FUND
34%
LUND
30.2%
ZEHN
30%
HAHN
28.9%
ZAHN
28%
SETE
26.1%
TRĪS
23.2%
NOVE
20.1%
FIRE
17.7%
ROKS
14.9%
TWEE
14.7%
DRAY
12.4%
TRÍA
12.4%
ODÍN
12.3%
ROKU
12.1%

You're not logged in!

Compare scores with friends on all Sporcle quizzes.
Join for Free
OR
Log In

You Might Also Like...

Show Comments

Extras

Top Quizzes Today


Score Distribution

Your Account Isn't Verified!

In order to create a playlist on Sporcle, you need to verify the email address you used during registration. Go to your Sporcle Settings to finish the process.

Report this User

Report this user for behavior that violates our Community Guidelines.

Details: